|
|
|
|
| LEADER |
00764nam a2200205Ia 4500 |
| 001 |
CTU_102973 |
| 008 |
210402s9999 xx 000 0 und d |
| 082 |
|
|
|a 020.3
|
| 082 |
|
|
|b P973
|
| 100 |
|
|
|a Prytherch, Raymond John
|
| 245 |
|
0 |
|a Harrod's librarians' glossary and reference book :
|
| 245 |
|
2 |
|b A dictionary of over 10,200 terms, organizations, projects and acronyms in the areas of information management, library science, puiblishing and archive management
|
| 245 |
|
0 |
|c Raymond John Prytherch
|
| 260 |
|
|
|a England
|
| 260 |
|
|
|b Ashgate
|
| 260 |
|
|
|c 2005
|
| 650 |
|
|
|a Library science,Information science,Bibliography
|
| 650 |
|
|
|x Dictionaries,Dictionaries,Dictionaries
|
| 904 |
|
|
|i Minh
|
| 980 |
|
|
|a Trung tâm Học liệu Trường Đại học Cần Thơ
|